00321nam a2200133Ia 4500008004000000082001500040100001700055245001800072250000500090260004100095300001300136650002000149700001800169210210b1985 xxu||||| |||| 00| 0 eng d a581.5 SHUP aSHUKLA (R S) aPlant ecology a aNew DelhibS. Chand & Co. Ltd.c1985 aviii,244 aPlant Ecology  aCHANDEL (P S)